Classroom behavior management for general and special educators : holistic and inclusive approaches

"This comprehensive textbook outlines a holistic approach to inclusive classroom management. It critically examines the limitations inherent in behaviorism-based methods- particularly the Positive Behavior Interventions and Supports (PBIS) framework rooted in Applied Behavior Analysis (ABA)- an...

Full description

Saved in:
Bibliographic Details
Main Author Koh, Myung-Sook (Author)
Format Electronic eBook
LanguageEnglish
Published New York, NY : Routledge, 2025.
Subjects
Online AccessFull text
ISBN9781003562283
9781040363720
9781040363744
9781032912684
9781032912653
Physical Description1 online zdroj.

Cover

LEADER 00000cam a2200000 i 4500
001 115650
003 CZ-ZlUTB
005 20260513174352.0
006 m o d
007 cr cnu---unuuu
008 250513s2025 nyu ob 001 0 eng d
040 |a OCoLC-P  |b eng  |e rda  |c OCoLC-P 
020 |a 9781003562283  |q (electronic bk.) 
020 |a 9781040363720  |q (electronic bk. : PDF) 
020 |a 9781040363744  |q (electronic bk. : EPUB) 
020 |z 9781032912684 
020 |z 9781032912653 
024 7 |a 10.4324/9781003562283  |2 doi 
024 8 |a CIPO000227983 
035 |a (OCoLC)1519481981 
035 |a (OCoLC-P)1519481981 
100 1 |a Koh, Myung-Sook  |e author  |4 aut 
245 1 0 |a Classroom behavior management for general and special educators :  |b holistic and inclusive approaches /  |c Myung-Sook Koh. 
264 1 |a New York, NY :  |b Routledge,  |c 2025. 
300 |a 1 online zdroj. 
336 |a text  |b txt  |2 rdacontent 
337 |a počítač  |b c  |2 rdamedia 
338 |a online zdroj  |b cr  |2 rdacarrier 
506 |a Plný text je dostupný pouze z IP adres počítačů Univerzity Tomáše Bati ve Zlíně nebo vzdáleným přístupem pro zaměstnance a studenty 
520 |a "This comprehensive textbook outlines a holistic approach to inclusive classroom management. It critically examines the limitations inherent in behaviorism-based methods- particularly the Positive Behavior Interventions and Supports (PBIS) framework rooted in Applied Behavior Analysis (ABA)- and offers an alternative that integrates the full spectrum of student needs and the complexities of modern educational dynamics. Addressing the interconnected crises of falling academic standards, rising teacher turnover, and growing student behavioral and emotional challenges, the book presents a comprehensive, actionable strategy for accurately identifying classroom deficiencies and effectively responding to them in a student-centered way. Applicable to both special and general educational contexts, Classroom Behavior Management for General and Special Educators is key reading for pre-service teachers in Classroom and Behavior Management courses, as well as in-service teachers, teacher educators, and school administrators seeking new ways to address student behavior"-- Provided by publisher. 
588 |a OCLC-licensed vendor bibliographic record. 
650 0 |a Classroom management. 
650 0 |a Behavior modification. 
650 0 |a Effective teaching. 
650 0 |a Student-centered learning. 
650 0 |a Special education. 
655 7 |a elektronické knihy  |7 fd186907  |2 czenas 
655 9 |a electronic books  |2 eczenas 
856 4 0 |u https://proxy.k.utb.cz/login?url=https://www.taylorfrancis.com/books/9781003562283 
992 |c EBOOK-TN  |c TAYLOR 
993 |x NEPOSILAT  |y EIZ 
999 |c 115650  |d 115650